000 00480nam a2200193 a 4500
001 1764573856501
003 ACL
005 20251201125702.0
008 251201s1997##################000#0#eng##
020 _a9780521551755
082 0 4 _a624.17
_bKEA
100 1 _aKeane, A. J.,
_eauthor.
245 1 0 _aStatistical Energy Analysis :
260 _bCambridge University Press,
_c1997.
300 _a154 pages
650 0 _aScience.
942 _cENGLISH
040 _aACL
_beng
_cACL
999 _c599607
_d599607